Reines de France (Capétiens - Orléans) - Statistiques

Statistiques générales
  • Ce quiz a été pris 40 fois
    20 depuis la dernière actualisation
  • Le résultat moyen est 20 sur 30
Statistiques - réponses
Roi Reine % Correct
Louis XIII Anne d'Autriche
92%
Henri II Catherine de Médicis
92%
Henri IV Marie de Médicis
92%
Louis XIV Marie-Thérèse d'Autriche
92%
Charles VIII Anne de Bretagne
85%
Louis XII Anne de Bretagne
85%
François II Marie Stuart
85%
Louis VII Aliénor d'Aquitaine
77%
Louis VIII Blanche de Castille
77%
François Ier Claude de France
77%
Louis XVI Marie Antoinette d'Autriche
77%
Henri Ier Anne de Kiev
69%
Napoléon III Eugénie de Montijo
69%
Charles VI Isabeau de Bavière
69%
Napoléon Ier Joséphine de Beauharnais / Marie-Louise d'Autriche
69%
Louis IX Marguerite de Provence
69%
Louis XI Charlotte de Savoie
62%
Robert II Constance d'Arles
62%
Charles IX Elisabeth d'Autriche
62%
Philippe II Ingeburge de Danemark
54%
Henri III Louise de Lorraine-Vaudémont
54%
Charles VII Marie d'Anjou
54%
Louis XV Marie Leszczynska
54%
Hugues Capet Adélaïde d'Aquitaine
46%
Louis-Philippe Ier Marie-Amélie de Bourbon-Siciles
46%
Louis VI Adélaïde de Savoie
38%
Philippe Ier Berthe de Hollande
38%
Charles V Jeanne de Bourbon
38%
Philippe IV Jeanne de Navarre
38%
Philippe III Marie de Brabant
38%
Aucun quiz correspondant
Distribution des résultats
% des personnes avec chaque résultat
Percentile par nombre de réponses
Votre historique - résultats
Vous n’avez pas pris ce quiz depuis la dernière actualisation